| 000 | 00630nam a2200181 a 4500 | ||
|---|---|---|---|
| 001 | 5667 | ||
| 003 | CDMR | ||
| 005 | 20130417113328.0 | ||
| 008 | 130130s1991||||||||||||||||||||||||||||d | ||
| 040 |
_aCDMR _bcat _cCDMR |
||
| 245 | 0 | 0 |
_aAtractiu fatal _b: dona i mitjans de comunicació [Jornades] |
| 260 |
_aBarcelona _bAssociació Sociocultural per a la Igualtat entre Homes i Dones |
||
| 260 | _bCentre de Documentació i Recursos de la Dona de l'Ajuntament de Barcelona | ||
| 260 |
_c1991 _bDrac Màgic |
||
| 650 | 0 | 4 |
_93167 _aEstudis de dones |
| 650 | 0 | 4 |
_92757 _aMitjans de comunicació de massa _xAspectes socials |
| 942 |
_cMON _2udc |
||
| 999 |
_c5667 _d5667 |
||